| 000 | 00467nam a22001697a 4500 | ||
|---|---|---|---|
| 005 | 20241108094557.0 | ||
| 008 | 241108b |||||||| |||| 00| 0 eng d | ||
| 020 | _a8123904045 | ||
| 050 |
_aTD440 _bBHA |
||
| 100 | _aBhatti, Suman | ||
| 245 |
_aFruit and vegetable processing/ _bOrganisations and institutions |
||
| 250 | _a1st | ||
| 260 |
_aNew Delhi _bCBS PUBLISHERS AND DISTRIBUTORS _cc1995 |
||
| 300 |
_aix,222p _bill.; |
||
| 700 | _aUma Varma | ||
| 942 |
_2lcc _cBK _n0 |
||
| 999 |
_c848 _d848 |
||